A Handbook of Mine Management Legislation & General Safety (Record no. 5792)

MARC details
000 -LEADER
fixed length control field 00343nam a22001337a 4500
005 - DATE AND TIME OF LATEST TRANSACTION
control field 20190330105931.0
008 - FIXED-LENGTH DATA ELEMENTS--GENERAL INFORMATION
fixed length control field 190330b xxu||||| |||| 00| 0 eng d
041 ## - LANGUAGE CODE
Language code of text/sound track or separate title eng
100 ## - MAIN ENTRY--AUTHOR NAME
Personal name Raman,R K
245 ## - TITLE STATEMENT
Title A Handbook of Mine Management Legislation & General Safety
260 ## - PUBLICATION, DISTRIBUTION, ETC. (IMPRINT)
Place of publication Dhanbad
Name of publisher Lovely Prakashan
300 ## - PHYSICAL DESCRIPTION
Number of Pages 215
942 ## - ADDED ENTRY ELEMENTS (KOHA)
Koha item type Books
Holdings
Lost status Damaged status Collection code Home library Current library Shelving location Date acquired Source of acquisition Cost, normal purchase price Accession Number Koha item type
    MINING JRU Library JRU Library SHELF-100-D 30/03/2019 Purchase 250.00 23045 Books
    MINING JRU Library JRU Library SHELF-100-D 30/03/2019 Purchase 250.00 23046 Books
    Reference JRU Library   SHELF-7-A 30/03/2019 Purchase 250.00 23047 Books
    MINING JRU Library JRU Library SHELF-100-D 30/03/2019 Purchase 250.00 23048 Books